| 000 | 00417nam a2200181Ia 4500 | ||
|---|---|---|---|
| 003 | OSt | ||
| 005 | 20220616115758.0 | ||
| 008 | 210210b1956 xxu||||| |||| 00| 0 eng d | ||
| 040 | _cAL | ||
| 041 | _aeng | ||
| 082 | _a822/430 | ||
| 100 |
_aGARDINER (A G) _943364 |
||
| 245 | _aDelightful | ||
| 260 |
_aLondon _bMacmillan & Co. Ltd. _c1956 |
||
| 690 |
_aEnglish Prose _943365 |
||
| 906 | _a012616 | ||
| 942 |
_2ddc _cBK |
||
| 999 |
_c131426 _d131426 |
||